<?xml version="1.0" encoding="UTF-8"?>
<record
    xmlns:xsi="http://www.w3.org/2001/XMLSchema-instance"
    xsi:schemaLocation="http://www.loc.gov/MARC21/slim http://www.loc.gov/standards/marcxml/schema/MARC21slim.xsd"
    xmlns="http://www.loc.gov/MARC21/slim">

  <leader>00771nam a2200193   4500</leader>
  <controlfield tag="008">240827b        |||||||| |||| 00| 0 eng d</controlfield>
  <datafield tag="020" ind1=" " ind2=" ">
    <subfield code="a">9781856176644</subfield>
  </datafield>
  <datafield tag="020" ind1=" " ind2=" ">
    <subfield code="a">1856176649</subfield>
  </datafield>
  <datafield tag="050" ind1=" " ind2=" ">
    <subfield code="a">TK 3271 </subfield>
    <subfield code="b">.W38 2009</subfield>
  </datafield>
  <datafield tag="100" ind1=" " ind2=" ">
    <subfield code="a">Watkins, A. J. (Albert James), </subfield>
    <subfield code="d">1925-</subfield>
  </datafield>
  <datafield tag="245" ind1=" " ind2=" ">
    <subfield code="a"> Electrical installation calculations. Advanced : </subfield>
    <subfield code="b">for Technical Certificate and NVQ Level 3/</subfield>
    <subfield code="c">A.J. Watkins, Chris</subfield>
  </datafield>
  <datafield tag="250" ind1=" " ind2=" ">
    <subfield code="a">7th ed.</subfield>
  </datafield>
  <datafield tag="260" ind1=" " ind2=" ">
    <subfield code="a">Amsterdam : </subfield>
    <subfield code="b">Newnes, </subfield>
    <subfield code="c">2009.</subfield>
  </datafield>
  <datafield tag="300" ind1=" " ind2=" ">
    <subfield code="a">vi, 210 p. :</subfield>
    <subfield code="b"> ill. ; </subfield>
    <subfield code="c">23 cm.</subfield>
  </datafield>
  <datafield tag="650" ind1=" " ind2=" ">
    <subfield code="a">Electric circuits -- Mathematics -- Problems, exercises, etc. </subfield>
  </datafield>
  <datafield tag="650" ind1=" " ind2=" ">
    <subfield code="a">Electric wiring -- Mathematics -- Problems, exercises, etc.</subfield>
  </datafield>
  <datafield tag="700" ind1=" " ind2=" ">
    <subfield code="a">Kitcher, Chris.</subfield>
    <subfield code="e">Added Author</subfield>
  </datafield>
  <datafield tag="942" ind1=" " ind2=" ">
    <subfield code="2">lcc</subfield>
    <subfield code="c">BOOKS</subfield>
    <subfield code="h">TK 3271 .W38 2009</subfield>
  </datafield>
  <datafield tag="999" ind1=" " ind2=" ">
    <subfield code="c">32179</subfield>
    <subfield code="d">32179</subfield>
  </datafield>
  <datafield tag="952" ind1=" " ind2=" ">
    <subfield code="0">0</subfield>
    <subfield code="1">0</subfield>
    <subfield code="2">lcc</subfield>
    <subfield code="4">0</subfield>
    <subfield code="7">0</subfield>
    <subfield code="a">MUC</subfield>
    <subfield code="b">MUC</subfield>
    <subfield code="c">GEN</subfield>
    <subfield code="d">2024-08-27</subfield>
    <subfield code="e">Purchase( replaced)</subfield>
    <subfield code="g">5150.00</subfield>
    <subfield code="l">1</subfield>
    <subfield code="o">TK 3271 .W38 2009</subfield>
    <subfield code="p">1140</subfield>
    <subfield code="r">2025-03-21</subfield>
    <subfield code="s">2025-01-14</subfield>
    <subfield code="w">2024-08-27</subfield>
    <subfield code="y">BOOKS</subfield>
    <subfield code="z">Replacement  by Munguti Thomas(PF. 0247)</subfield>
  </datafield>
</record>
